000 00317nam a22001337a 4500
008 180904b xxu||||| |||| 00| 0 eng d
020 _a0840333315
041 _aeng
080 _a591
100 _a7
101 _aZOO
245 _aLive Animal Carcass Evaluation and Selection Manual
_cBoggs, D.L
942 _2udc
_cBK
999 _c47506
_d47506